000 00786cam a2200253 4500
008 000000n2003 000 0 eng u
020 _a0415301165
035 _a(Sirsi) u119519
041 _aeng
050 _a692.5
_c18
245 _aSpon's architects' and builders' price book 2003
250 _a128th ed.
260 _aLondon
_bE and F N Spon
_c2003
350 _a115.00
520 _aAlso available on CD-ROM which is not available for loan. Please ask at the enquiry desk for more details
650 _aARCHITECTS
650 _aBUILDERS
650 _aBUILT ENVIRONMENT-BUILDING COSTS
650 _aLABOUR COSTS
650 _aBUILDING PRICE BOOKS
690 _aBUILT ENVIRONMENT-BUILDING COSTS
710 _aDavis Langdon and Everest
_xEditor
_91155
942 _n0
999 _c102326
_d102326